01056nam a2200265 a 450000100060000000300090000600800410001504000280005608200140008410000340009811000640013224500490019626000510024530000100029649000330030659000190033965000230035865000140038165000430039565000300043894200120046899900170048095201400049795201530063712532CO-ViMGA141112s2004 ck r 000 u spa d aCO-ViMGAbspacCO-ViMGA04a070.7 P371 aTroyano, Guzman Hector918076 aSecretaria Ejecutiva del Convenio Andres Bello SECAB91807710aPeriodismo Cultural y Cultura del Periodismo aBogotá : bFundacion Konrad Adenauer, c1993 a394p. aArea de Comunicación SECAB aEjemplares : 214aCONFERENCIAS9801114aCONGRESOS14aENSEÑANZA - América DEL SUR91807814aPERIODISMO CULTURAL95735 2ddccBK c23528d23528 00102ddc40708003aMEVIECARbMEVIECARd2015-12-04h15/jul/2013l0o070.7 P37 p12532 - 2r2015-12-04 00:00:00tEj. 2w2015-12-04yBK 00102ddc40708003aMEVIECARbMEVIECARd2015-12-04hVolumen. 1 | 11/jun/2009l0o070.7 P37 p12532 - 1r2015-12-04 00:00:00tEj. 1w2015-12-04yBK